Ľudské práva v škole - vnímanie a dodržiavanie ľudských práv deťaťa v školskom prostredí

Gespeichert in:
Bibliographische Detailangaben
1. Verfasser: Bieliková, Marcela
Format: Buch
Sprache:Slowakisch
Veröffentlicht: Bratislava Centrum vedecko-technických informácií SR 2019
Schlagworte:
Tags: Tag hinzufügen
Keine Tags, Fügen Sie das erste Tag hinzu!

MARC

LEADER 00000nam a2200000 4500
001 0262570
005 20240221115146.6
020 |a 978-80-89965-33-5 
041 0 |a slo 
044 |a SK 
245 1 0 |a Ľudské práva v škole - vnímanie a dodržiavanie ľudských práv deťaťa v školskom prostredí  |c Marcela Bieliková 
264 1 |a Bratislava  |b Centrum vedecko-technických informácií SR  |c 2019 
300 |a 69 s. 
610 2 0 |a školy 
610 2 0 |a výchova 
610 2 0 |a vzdelávanie 
610 2 0 |a práva ľudské 
610 2 0 |a žiaci 
610 2 0 |a vzťahy medziľudské 
610 2 0 |a tolerancia 
610 2 0 |a kultúra 
610 2 0 |a informácie 
610 2 0 |a osobnosť 
610 2 0 |a výchova 
610 2 0 |a multikulturalizmus 
610 2 0 |a svetonázor 
610 2 0 |a výskum 
610 2 0 |a Slovensko 
100 1 |a Bieliková, Marcela